header

Child labor in America (Record no. 62442)

MARC details
000 -LEADER
fixed length control field 02109nam a2200397 a 4500
082 04 - DEWEY DECIMAL CLASSIFICATION NUMBER
Classification number 331.3/10973
245 00 - TITLE STATEMENT
Title Child labor in America
260 ## - PUBLICATION, DISTRIBUTION, ETC. (IMPRINT)
Place of publication New York :
Name of publisher Nova Science Publishers,
Year of publication c2010.
300 ## - PHYSICAL DESCRIPTION
Number of Pages 88 p.
490 1# - SERIES STATEMENT
Series statement Children's issues, laws and programs series
505 0# - FORMATTED CONTENTS NOTE
Formatted contents note Child labor enforcement hearing : testimony of Norma Flores to the House Education and Labor Committee's subcommitte [sic] on workforce protections / Norma Flores -- Child labor enforcement hearing : testimony by Sally Greenberg -- Child labour enforcement : are we adequately protecting our children? / Alexander J. Passantino -- Child labor enforcement hearing : testimony of David A. Strauss / David A. Strauss -- Child labor enforcement : are we adequately protecting our children? / Lynn Woolsey -- Child labor in America : history, policy, and legislative issues / Gerald Mayer.
650 #0 - SUBJECT ADDED ENTRY--TOPICAL TERM
Topical Term Child labor
Topical Term Child labor
Topical Term Child labor
700 1# - ADDED ENTRY--PERSONAL NAME
Personal name Rivera, Ian C.
Personal name Howard, Natasha M.
856 40 - ELECTRONIC LOCATION AND ACCESS
Uniform Resource Identifier http://site.ebrary.com/lib/rucke/Doc?id=10671357

No items available.

© 2026 Rongo University
Contact us: librarian | system librarian | Rongo university